[Event "SK Schmiden/Cannstatt - SF Deizisau 2"]
[Site "?"]
[Date "2021.10.31"]
[Round "2.1"]
[White "Koellner, Ruben Gideon"]
[Black "Krockenberger, Martin"]
[Result "0-1"]
[WhiteElo "2432"]
[BlackElo "2229"]
[PlyCount "102"]
[EventDate "2021.??.??"]

1. d4 Nf6 2. Bg5 Ne4 3. Bf4 d5 4. e3 c5 5. Bd3 Nf6 6. c3 Nc6 7. Nd2 Bg4 8. Ngf3
e6 9. Qa4 Nd7 10. Bb5 Qb6 11. Ne5 Ndxe5 12. Bxe5 a6 13. Bxc6+ Qxc6 14. Qxc6+
bxc6 15. f3 Bh5 16. Nb3 f6 17. Bg3 cxd4 18. cxd4 a5 19. Rc1 a4 20. Nc5 Bxc5 21.
Rxc5 Kd7 22. Kd2 Ra6 23. e4 Bg6 24. Re1 Rha8 25. Kc3 Rb6 26. Re2 Ra7 27. Bf4
Ra8 28. g4 Ra7 29. h4 h6 30. g5 hxg5 31. hxg5 f5 32. exd5 exd5 33. Rh2 Ke7 34.
Be5 Kf7 35. Rh8 Rab7 36. Bd6 Ke6 37. Rd8 f4 38. Be5 Rxb2 39. Rxc6+ Ke7 40. Rxg6
Kxd8 41. Rxg7 R7b5 42. Bf6+ Kc8 43. Rg8+ Kd7 44. Rd8+ Ke6 45. Re8+ Kf7 46. Re7+
Kg6 47. Rg7+ Kf5 48. Be7 Rxa2 49. Bb4 Rf2 50. Rf7+ Kxg5 51. Rg7+ Kf6 0-1

[Event "SK Schmiden/Cannstatt - SF Deizisau 2"]
[Site "?"]
[Date "2021.10.31"]
[Round "2.2"]
[White "Bach, Edwin"]
[Black "Fischer, Sebastian"]
[Result "1/2-1/2"]
[WhiteElo "2238"]
[BlackElo "2300"]
[PlyCount "38"]
[EventDate "2021.??.??"]

1. Nf3 f5 2. g3 Nf6 3. Bg2 d6 4. O-O g6 5. c4 Bg7 6. Nc3 O-O 7. d3 a5 8. Rb1 e5
9. a3 h6 10. b4 axb4 11. axb4 Be6 12. b5 Nbd7 13. Nd2 Qc8 14. Nd5 Rf7 15. Bb2
c6 16. bxc6 bxc6 17. Nxf6+ Bxf6 18. Ra1 Rb8 19. Qc2 Nc5 1/2-1/2

[Event "SK Schmiden/Cannstatt - SF Deizisau 2"]
[Site "?"]
[Date "2021.10.31"]
[Round "2.3"]
[White "Dabo-Peranic, Robert"]
[Black "Holzhaeuer, Mathias"]
[Result "1-0"]
[WhiteElo "2288"]
[BlackElo "2247"]
[PlyCount "121"]
[EventDate "2021.??.??"]

1. e4 d5 2. exd5 Qxd5 3. Nc3 Qd6 4. d4 Nf6 5. Nf3 c6 6. Ne5 Nbd7 7. Nc4 Qc7 8.
a4 g6 9. g3 Bg7 10. Bf4 Qd8 11. a5 Nd5 12. Nxd5 cxd5 13. Ne5 O-O 14. Bg2 Nxe5
15. Bxe5 Be6 16. Bxg7 Kxg7 17. O-O Qd7 18. Re1 Rfc8 19. c3 Rab8 20. Ra3 Qd6 21.
Re5 f6 22. Re3 Bd7 23. Qf3 e6 24. Qe2 Re8 25. f4 Re7 26. Ra1 Rbe8 27. Re1 b5
28. b4 Rc8 29. Bh3 f5 30. Bg2 Rc6 31. Kf2 Re8 32. Qb2 Rec8 33. Ke2 h6 34. Kd2
Qf8 35. Kc2 Qf6 36. Kb3 Rd6 37. Re5 Be8 38. Qe2 Bf7 39. Qxb5 a6 40. Qe2 Rdc6
41. Rc1 Qd8 42. Qd2 Rb8 43. Ra1 Be8 44. Qe1 Qc8 45. Re3 Kf7 46. Bf1 Rd6 47. h3
Bb5 48. Bxb5 Rxb5 49. Qe2 Rb7 50. g4 Rc6 51. gxf5 exf5 52. Re1 Qd8 53. Kb2 Qd6
54. Qd2 Rbc7 55. Rc1 Qd8 56. Re5 Rb7 57. Rce1 Rbc7 58. R1e3 Qd6 59. Kb3 Qd7 60.
Qg2 Rd6 61. Qg3 1-0

[Event "SK Schmiden/Cannstatt - SF Deizisau 2"]
[Site "?"]
[Date "2021.10.31"]
[Round "2.4"]
[White "Trachtmann, Mark"]
[Black "Gustain, Marc"]
[Result "1/2-1/2"]
[WhiteElo "2248"]
[BlackElo "2176"]
[PlyCount "53"]
[EventDate "2021.??.??"]

1. d4 d5 2. c4 dxc4 3. e3 e5 4. Bxc4 exd4 5. exd4 Bd6 6. Nf3 Nf6 7. O-O O-O 8.
Bg5 h6 9. Bh4 Bg4 10. Nc3 Nc6 11. Bd5 g5 12. Bxc6 bxc6 13. Bg3 Rb8 14. b3 Re8
15. Rc1 Rb4 16. Qd3 a5 17. Rfd1 Bxg3 18. hxg3 Qd6 19. Qa6 Bxf3 20. gxf3 Rxd4
21. Rxd4 Qxd4 22. Qxc6 Qe5 23. Kg2 Re6 24. Qb5 Kg7 25. Qxe5 Rxe5 26. Rc2 Rc5
27. Rc1 1/2-1/2

[Event "SK Schmiden/Cannstatt - SF Deizisau 2"]
[Site "?"]
[Date "2021.10.31"]
[Round "2.5"]
[White "Gheng, Dominik"]
[Black "Loehr, Markus"]
[Result "0-1"]
[WhiteElo "2064"]
[BlackElo "2214"]
[PlyCount "62"]
[EventDate "2021.??.??"]

1. e4 c6 2. d4 d5 3. exd5 cxd5 4. c4 Nf6 5. Nc3 Nc6 6. Bg5 Be6 7. Nf3 g6 8. Qa4
Bg7 9. Ne5 O-O 10. Nxc6 bxc6 11. O-O-O dxc4 12. Bxc4 Nd5 13. Qa3 Re8 14. Rhe1
Nxc3 15. Qxc3 Bd5 16. f3 c5 17. Bb5 cxd4 18. Qa3 Qc8+ 19. Kd2 Qf5 20. h4 e5 21.
Bxe8 Rxe8 22. Qa5 Qe6 23. Ke2 h6 24. Bd2 e4 25. Kf1 e3 26. Kg1 Bxa2 27. Qxa7
Bb3 28. Ra1 Rc8 29. Bc1 Bd5 30. Ra6 Qe5 31. Ra5 Qg3 0-1

[Event "SK Schmiden/Cannstatt - SF Deizisau 2"]
[Site "?"]
[Date "2021.10.31"]
[Round "2.6"]
[White "Thoma, Christian"]
[Black "Koellner, Christof"]
[Result "1/2-1/2"]
[WhiteElo "2169"]
[BlackElo "2153"]
[PlyCount "94"]
[EventDate "2021.??.??"]

1. d4 d6 2. c4 e5 3. Nf3 e4 4. Ng5 f5 5. Nc3 Be7 6. Nh3 Nf6 7. e3 O-O 8. Qb3 c6
9. Be2 Na6 10. Bd2 Nc7 11. Nf4 Qe8 12. h4 Qf7 13. f3 Bd8 14. d5 exf3 15. gxf3
Nh5 16. Nxh5 Qxh5 17. O-O-O Qf7 18. Kb1 Na6 19. Be1 Nc5 20. Qc2 Bf6 21. dxc6
bxc6 22. Rxd6 Be7 23. Bg3 Qe8 24. Rd2 Nb7 25. Be5 Bxh4 26. Bxg7 Kxg7 27. Rxh4
Qxe3 28. Rd1 Rf6 29. Rdh1 h6 30. Nd1 Qe5 31. f4 Qd4 32. Bf3 Nc5 33. Re1 Be6 34.
Bxc6 Bxc4 35. Qg2+ Rg6 36. Qh1 Rd8 37. Nc3 Bd3+ 38. Ka1 Ne4 39. Bxe4 Bxe4 40.
Nxe4 fxe4 41. f5 Rb6 42. Qg2+ Kh7 43. a3 Rg8 44. Rhxe4 Rxg2 45. Rxd4 Kg7 46.
Re6 Rbxb2 47. Rd7+ Kf8 1/2-1/2

[Event "SK Schmiden/Cannstatt - SF Deizisau 2"]
[Site "?"]
[Date "2021.10.31"]
[Round "2.7"]
[White "Rempeli, Alex"]
[Black "Witke, Thomas"]
[Result "1/2-1/2"]
[WhiteElo "2073"]
[BlackElo "2222"]
[PlyCount "58"]
[EventDate "2021.??.??"]

1. d4 d5 2. c4 c6 3. Nc3 dxc4 4. e3 e5 5. Bxc4 exd4 6. exd4 Nf6 7. Nf3 Be7 8.
O-O O-O 9. Re1 Bg4 10. h3 Bxf3 11. Qxf3 Nbd7 12. d5 Nb6 13. dxc6 bxc6 14. Bb3
Rc8 15. Bf4 Nfd5 16. Rad1 Bb4 17. Nxd5 cxd5 18. Bd2 Qd6 19. Bxb4 Qxb4 20. Re2
Rfe8 21. Bxd5 Nxd5 22. Rxd5 Qc4 23. Rxe8+ Rxe8 24. Qe3 Kf8 25. Qd2 Qxa2 26.
Qb4+ Kg8 27. Qe7 Qa1+ 28. Kh2 Qa4 29. Rd8 Qf4+ 1/2-1/2

[Event "SK Schmiden/Cannstatt - SF Deizisau 2"]
[Site "?"]
[Date "2021.10.31"]
[Round "2.8"]
[White "Scheeff, Volker"]
[Black "Brenner, Markus"]
[Result "0-1"]
[WhiteElo "2092"]
[BlackElo "2078"]
[PlyCount "84"]
[EventDate "2021.??.??"]

1. e4 c5 2. Nf3 e6 3. d4 cxd4 4. Nxd4 Nc6 5. Nc3 Qc7 6. Be3 a6 7. Qf3 Ne5 8.
Qg3 h5 9. Bg5 d6 10. f4 Ng6 11. O-O-O h4 12. Qf2 f6 13. f5 fxg5 14. fxg6 Nf6
15. Nf3 Ng4 16. Qd4 Qc5 17. Qxc5 dxc5 18. Rd2 Be7 19. h3 Ne3 20. e5 Rh6 21. Bd3
Nf5 22. Ne4 Rxg6 23. Nd6+ Kf8 24. Rhd1 g4 25. hxg4 Rxg4 26. Re1 Rb8 27. Bc4 Rg6
28. Kb1 b5 29. Bd3 Rg4 30. Be4 Ng3 31. Bc6 Rb6 32. Nh2 Rf4 33. Bf3 Bxd6 34.
exd6 Rd4 35. Rxd4 cxd4 36. Ng4 Rxd6 37. Ne5 Nf5 38. Re4 Bb7 39. Rg4 Bxf3 40.
Nxf3 d3 41. cxd3 Rxd3 42. Nxh4 Rd1+ 0-1

[Event "SG Schwäbisch Gmünd 1 - Heilbronner SV"]
[Site "?"]
[Date "2021.10.31"]
[Round "2.2"]
[White "Zimmermann, Ulrich"]
[Black "Kabisch, Thilo"]
[Result "0-1"]
[WhiteElo "2282"]
[BlackElo "2266"]
[PlyCount "82"]
[EventDate "2021.??.??"]

1. c4 Nf6 2. Nc3 g6 3. e4 d6 4. d4 Bg7 5. Bd3 O-O 6. Nge2 c5 7. d5 e6 8. h3 a6
9. O-O exd5 10. exd5 Ne8 11. a3 Nd7 12. b4 Ne5 13. bxc5 dxc5 14. Bf4 Nd6 15.
Bxe5 Bxe5 16. Rb1 Qa5 17. Ne4 Nxe4 18. Bxe4 Qxa3 19. Qd2 Qa4 20. f4 Bg7 21. Qd3
b5 22. d6 bxc4 23. Qd5 Be6 24. Qxa8 Rxa8 25. Bxa8 Bd4+ 26. Kh1 c3 27. Rb6 Qc4
28. Bf3 c2 29. Re1 Bf2 30. Ra1 Be3 31. Rbxa6 c1=Q+ 32. Rxc1 Qxa6 33. Rd1 Bd7
34. f5 Kg7 35. fxg6 hxg6 36. Kh2 Qa4 37. Rd3 Bf2 38. g3 Qc2 39. Rd5 Bd4 40. Kg2
Bc6 41. d7 Bxd5 0-1

[Event "SG Schwäbisch Gmünd 1 - Heilbronner SV"]
[Site "?"]
[Date "2021.10.31"]
[Round "2.3"]
[White "Zuferi, Enis"]
[Black "Jurek, Josef"]
[Result "1/2-1/2"]
[WhiteElo "2317"]
[BlackElo "2208"]
[PlyCount "65"]
[EventDate "2021.??.??"]

1. d4 Nf6 2. Nf3 e6 3. c4 b6 4. g3 Ba6 5. Qc2 Bb7 6. Bg2 c5 7. d5 exd5 8. Nh4
g6 9. cxd5 Bg7 10. O-O O-O 11. Nc3 Na6 12. Qb3 d6 13. Bg5 h6 14. Bd2 Nc7 15. a4
a6 16. e4 Rb8 17. Rfd1 Re8 18. Qa3 b5 19. axb5 Nxb5 20. Nxb5 axb5 21. Qd3 Nd7
22. Ba5 Qe7 23. Bc3 Ne5 24. Qxb5 Bxd5 25. Qa6 Bb3 26. Rd2 Nc4 27. Re2 Ne5 28.
Rd2 Red8 29. Qf1 Bc4 30. Qd1 Bb3 31. Qf1 Bc4 32. Qd1 Bb3 33. Qf1 1/2-1/2

[Event "SG Schwäbisch Gmünd 1 - Heilbronner SV"]
[Site "?"]
[Date "2021.10.31"]
[Round "2.4"]
[White "Denisow, Jewgeny"]
[Black "Tschlatscher, Thomas"]
[Result "1/2-1/2"]
[WhiteElo "2155"]
[BlackElo "2189"]
[PlyCount "59"]
[EventDate "2021.??.??"]

1. e4 e5 2. Nf3 Nc6 3. d4 exd4 4. Bc4 Nf6 5. Ng5 d5 6. exd5 Na5 7. Qxd4 Nxc4 8.
Qxc4 Qxd5 9. Qe2+ Be7 10. O-O h6 11. Re1 Qd8 12. Nf3 a6 13. Nc3 Be6 14. Bf4 c5
15. Ne5 O-O 16. Nxf7 Bxf7 17. Qxe7 Qb6 18. Be5 Rae8 19. Qd6 Qxb2 20. Bxf6 gxf6
21. Nd5 Re6 22. Ne7+ Kh7 23. Qd3+ Kh8 24. Ng6+ Bxg6 25. Qxg6 Rfe8 26. Qxh6+ Kg8
27. Qg6+ Kf8 28. Qh6+ Kg8 29. Qg6+ Kf8 30. Qh6+ 1/2-1/2

[Event "SG Schwäbisch Gmünd 1 - Heilbronner SV"]
[Site "?"]
[Date "2021.10.31"]
[Round "2.5"]
[White "Huber, Philipp"]
[Black "Weiss, Andreas"]
[Result "1-0"]
[WhiteElo "2220"]
[BlackElo "2154"]
[PlyCount "73"]
[EventDate "2021.??.??"]

1. d4 Nf6 2. Bg5 Ne4 3. h4 d5 4. Nd2 Nxg5 5. hxg5 g6 6. Ndf3 Nc6 7. Qd2 Qd6 8.
c3 Bf5 9. Nh4 Bd7 10. f4 O-O-O 11. Ngf3 Be8 12. Ne5 Nxe5 13. fxe5 Qb6 14. Nf3
f6 15. a4 Bg7 16. a5 Qc6 17. Qe3 fxg5 18. Qxg5 e6 19. a6 b6 20. Qe7 Rd7 21. Qb4
h5 22. e4 Rf7 23. Ng5 Rf4 24. g3 Rg4 25. exd5 Qxd5 26. Qe7 Rxg5 27. Qxg7 Qxh1
28. Qxh8 Qe4+ 29. Be2 Qc6 30. Bf3 Qd7 31. Bb7+ Kd8 32. O-O-O Rf5 33. d5 Ke7 34.
Bc6 Qd8 35. d6+ cxd6 36. exd6+ Kf7 37. d7 1-0

[Event "SG Schwäbisch Gmünd 1 - Heilbronner SV"]
[Site "?"]
[Date "2021.10.31"]
[Round "2.6"]
[White "Hoenick, Andreas"]
[Black "Dudek, Richard"]
[Result "1-0"]
[WhiteElo "2135"]
[BlackElo "2216"]
[PlyCount "69"]
[EventDate "2021.??.??"]

1. d4 Nf6 2. c4 e6 3. Nc3 Bb4 4. Qc2 O-O 5. a3 Bxc3+ 6. Qxc3 b6 7. Bg5 h6 8.
Bh4 Bb7 9. f3 d6 10. e3 Nbd7 11. Bd3 Qe7 12. Ne2 e5 13. Bc2 c5 14. d5 b5 15.
cxb5 Bxd5 16. O-O Be6 17. f4 Bg4 18. Ng3 exf4 19. exf4 d5 20. h3 Be6 21. Nh5 d4
22. Qd3 g6 23. Nxf6+ Nxf6 24. Rae1 Rad8 25. f5 g5 26. fxe6 c4 27. Qg3 fxe6 28.
Bxg5 hxg5 29. Qxg5+ Qg7 30. Qxg7+ Kxg7 31. Rxe6 d3 32. Bd1 Nd5 33. Bf3 Nf4 34.
Re7+ Kf6 35. Re4 1-0

[Event "SG Schwäbisch Gmünd 1 - Heilbronner SV"]
[Site "?"]
[Date "2021.10.31"]
[Round "2.7"]
[White "Stuermer, Robin"]
[Black "Bergner, Philipp"]
[Result "1-0"]
[WhiteElo "2205"]
[BlackElo "2100"]
[PlyCount "141"]
[EventDate "2021.??.??"]

1. d4 d5 2. c3 Nf6 3. Bg5 e6 4. Nd2 h6 5. Bh4 Be7 6. e3 O-O 7. Bd3 c5 8. f4 b6
9. Qe2 Bb7 10. Bxf6 Bxf6 11. Ngf3 Nc6 12. O-O-O Qd6 13. Ne5 Rfc8 14. Qh5 Rc7
15. Ndf3 cxd4 16. exd4 Nb4 17. Bb1 Qf8 18. f5 Bxe5 19. dxe5 exf5 20. Qxf5 g6
21. Qf6 d4 22. Qd6 Rac8 23. Rxd4 Nc6 24. Rg4 Na5 25. Re1 Nc4 26. Qxf8+ Kxf8 27.
Bd3 h5 28. Rd4 b5 29. e6 Bxf3 30. gxf3 Re8 31. b3 Nb6 32. Bxb5 Rxe6 33. Rd8+
Ke7 34. Re8+ Kf6 35. R1xe6+ fxe6 36. Kd2 Rc5 37. c4 a6 38. Bxa6 Ra5 39. Bb7
Rxa2+ 40. Kd3 Nd7 41. b4 Rxh2 42. Bc8 Ne5+ 43. Kc3 Rf2 44. Rxe6+ Kf5 45. b5
Rxf3+ 46. Kb4 Rf4 47. Re7+ Kf6 48. Re6+ Kf5 49. Re8+ Kf6 50. Rf8+ Nf7 51. b6
Rf1 52. c5 Ke7 53. Rg8 Ne5 54. b7 Rb1+ 55. Ka5 Nc6+ 56. Ka6 Nb8+ 57. Ka5 Nc6+
58. Ka4 Rb4+ 59. Ka3 Re4 60. Rxg6 Nb8 61. Rg5 h4 62. Kb3 Rf4 63. Rh5 Kd8 64.
Be6 Na6 65. Bc4 Nb8 66. Bd5 Na6 67. Kc3 Kc7 68. Rh7+ Kb8 69. Rh8+ Kc7 70. Rc8+
Kd7 71. Ra8 1-0

[Event "SG Schwäbisch Gmünd 1 - Heilbronner SV"]
[Site "?"]
[Date "2021.10.31"]
[Round "2.8"]
[White "Pohl, Walter"]
[Black "Geshnizjani, Ramin"]
[Result "0-1"]
[WhiteElo "2099"]
[BlackElo "2126"]
[PlyCount "74"]
[EventDate "2021.??.??"]

1. e4 c5 2. Nf3 e6 3. d4 cxd4 4. Nxd4 Nc6 5. Nb5 d6 6. c4 a6 7. N5a3 Nf6 8. Nc3
Be7 9. Be2 O-O 10. Be3 Ne5 11. f4 Ned7 12. g4 d5 13. cxd5 exd5 14. e5 Ne4 15.
Qxd5 Nxc3 16. bxc3 Bxa3 17. Rd1 Qe7 18. g5 Nc5 19. O-O Bf5 20. Qf3 Rad8 21. Bd4
Ne6 22. Kg2 Bc5 23. Qe3 Rd7 24. Bc4 Nxd4 25. cxd4 Rfd8 26. e6 fxe6 27. Qe5 Rxd4
28. Rxd4 Rxd4 29. Rc1 b5 30. Be2 Qb7+ 31. Kg3 Re4 32. Qxc5 Rxe2 33. Rg1 Rxa2
34. g6 hxg6 35. Qd6 b4 36. h4 Ra3+ 37. Kf2 Qf3+ 0-1

[Event "TG Biberach 1- SK Bebenhausen 1"]
[Site "?"]
[Date "2021.10.31"]
[Round "2.2"]
[White "Sokratov, Stanislav"]
[Black "Latzke, Boris"]
[Result "1-0"]
[WhiteElo "2184"]
[BlackElo "2174"]
[PlyCount "81"]
[EventDate "2021.??.??"]

1. d4 Nf6 2. c4 e6 3. g3 d5 4. Nf3 Be7 5. Bg2 O-O 6. O-O dxc4 7. Qc2 a6 8. a4
Bd7 9. Qxc4 Bc6 10. Bf4 a5 11. Nc3 Na6 12. Rae1 Bxf3 13. Bxf3 c6 14. e4 Nb4 15.
Rd1 Qb6 16. Rd2 Rfd8 17. Rfd1 Rd7 18. Kg2 h6 19. h4 Rad8 20. Be3 Qa6 21. Qb3
Kf8 22. Rh1 Bc5 23. Rhd1 Be7 24. Be2 Qa8 25. Bc4 Na6 26. Ne2 Bb4 27. Rd3 Nc7
28. Qc2 Qb8 29. g4 Nce8 30. Ng3 Nd6 31. Ba2 Nde8 32. g5 hxg5 33. hxg5 Ng8 34.
Rh1 Bd6 35. Ne2 Bb4 36. Rdd1 Nc7 37. Rh8 Ke7 38. Rdh1 Na6 39. R1h7 g6 40. Nf4
Kf8 41. Bxe6 1-0

[Event "TG Biberach 1 - SK Bebenhausen 1"]
[Site "?"]
[Date "2021.10.31"]
[Round "2.3"]
[White "Roth, Juergen Eugen"]
[Black "Mack, Wolfgang"]
[Result "0-1"]
[WhiteElo "2176"]
[BlackElo "2257"]
[PlyCount "136"]
[EventDate "2021.??.??"]

1. Nf3 g6 2. e4 Bg7 3. d4 c6 4. c4 d5 5. cxd5 cxd5 6. e5 Nc6 7. h3 a6 8. Nc3 b5
9. Bd3 e6 10. O-O Bd7 11. Be3 Nge7 12. Qd2 h6 13. Ne2 Qa5 14. Rfc1 Qxd2 15.
Bxd2 f6 16. exf6 Bxf6 17. Re1 Kf7 18. Rac1 g5 19. b3 Rhc8 20. Bc3 Ng6 21. Bxg6+
Kxg6 22. Ne5+ Nxe5 23. dxe5 Be7 24. Bb2 Bc5 25. Nd4 Ra7 26. Red1 Rac7 27. Rd2
Bb6 28. Rxc7 Rxc7 29. Kf1 b4 30. Ke2 Bb5+ 31. Nxb5 axb5 32. Kd3 Kf5 33. Bd4
Bxd4 34. Kxd4 Rc3 35. Re2 Kf4 36. Rd2 h5 37. Re2 Rc1 38. Rd2 g4 39. hxg4 hxg4
40. Re2 Rc3 41. Rb2 Rc8 42. Rd2 Rc1 43. Rb2 Rg1 44. g3+ Kf3 45. Kc5 Rf1 46. Kd6
Rxf2 47. Rxf2+ Kxf2 48. Kxe6 d4 49. Kf5 d3 50. e6 d2 51. e7 d1=Q 52. e8=Q Kxg3
53. Qxb5 Qf3+ 54. Kg5 Qf4+ 55. Kg6 Kf2 56. Qc5+ Ke1 57. Qg1+ Kd2 58. Qg2+ Kc3
59. Qg1 g3 60. Qa1+ Kc2 61. a3 Qg4+ 62. Kf6 g2 63. Qa2+ Kc3 64. Qa1+ Kxb3 65.
Qb1+ Kxa3 66. Qc1+ Kb3 67. Qe3+ Kc4 68. Qc1+ Kb5 0-1

[Event "TG Biberach 1 - SK Bebenhausen 1"]
[Site "?"]
[Date "2021.10.31"]
[Round "2.4"]
[White "Oberst, Thomas"]
[Black "Carstens, Andreas"]
[Result "1-0"]
[WhiteElo "2255"]
[BlackElo "2130"]
[PlyCount "69"]
[EventDate "2021.??.??"]

1. c4 g6 2. Nc3 Bg7 3. g3 e5 4. Bg2 Nc6 5. d3 d6 6. Rb1 f5 7. e3 Nf6 8. Nge2
O-O 9. O-O Be6 10. Nd5 Qd7 11. b4 Rae8 12. b5 Nd8 13. Qa4 a6 14. Qa5 Bxd5 15.
cxd5 axb5 16. Qxb5 Qxb5 17. Rxb5 e4 18. dxe4 Nxe4 19. Rd1 Nc3 20. Nxc3 Bxc3 21.
Ba3 Rf7 22. Rc1 Be5 23. Ra5 Kf8 24. Ra8 c6 25. f4 Bf6 26. Bxd6+ Be7 27. Be5 Bf6
28. dxc6 Bxe5 29. cxb7 Nxb7 30. Rxe8+ Kxe8 31. fxe5 Nd8 32. Rc8 Ra7 33. Bd5 Ke7
34. Bb3 Nf7 35. Rg8 1-0

[Event "TG Biberach 1 - SK Bebenhausen 1"]
[Site "?"]
[Date "2021.10.31"]
[Round "2.5"]
[White "Khadempour, Farhad"]
[Black "Engelhart, Achim"]
[Result "1-0"]
[WhiteElo "2153"]
[BlackElo "2073"]
[PlyCount "91"]
[EventDate "2021.??.??"]

1. c4 c5 2. Nc3 Nc6 3. g3 g6 4. Bg2 Bg7 5. e3 e5 6. Nge2 Nge7 7. O-O O-O 8. d3
d6 9. a3 Be6 10. Nd5 Qd7 11. Rb1 Bh3 12. b4 Bxg2 13. Kxg2 Nxd5 14. cxd5 Ne7 15.
bxc5 dxc5 16. e4 b6 17. Qb3 Nc8 18. f3 Nd6 19. a4 f5 20. Nc3 Rab8 21. Nb5 a6
22. Nxd6 Qxd6 23. Qc4 Ra8 24. Rf2 fxe4 25. dxe4 h5 26. Be3 Rfb8 27. Rfb2 Bf8
28. f4 Bg7 29. Rb3 Kh7 30. a5 bxa5 31. Bxc5 Rxb3 32. Bxd6 Rxb1 33. Bxe5 Bxe5
34. fxe5 Rb2+ 35. Kh3 Rf8 36. Qc7+ Kg8 37. e6 Rff2 38. Kh4 Rb4 39. e7 Rxe4+ 40.
Kg5 Kf7 41. d6 Re5+ 42. Kh6 Rd2 43. Qd8 Rxd6 44. Qf8+ Ke6 45. e8=Q+ Kd5 46.
Qf3+ 1-0

[Event "TG Biberach 1 - SK Bebenhausen 1"]
[Site "?"]
[Date "2021.10.31"]
[Round "2.6"]
[White "Birkenmaier, Rainer"]
[Black "Omert, Oliver"]
[Result "1/2-1/2"]
[WhiteElo "2097"]
[BlackElo "1958"]
[PlyCount "78"]
[EventDate "2021.??.??"]

1. d4 d5 2. Nf3 Nf6 3. c3 c5 4. e3 Nc6 5. Nbd2 Bf5 6. Bb5 e6 7. Qa4 Qb6 8. Nb3
Rc8 9. Ne5 Bd6 10. dxc5 Bxc5 11. Qa5 O-O 12. Bxc6 Qxa5 13. Nxa5 bxc6 14. Nexc6
Bd3 15. f3 Rc7 16. Ne5 Ba6 17. Kd2 Rd8 18. b4 Bd6 19. Nd3 Ne4+ 20. fxe4 dxe4
21. Kc2 exd3+ 22. Kb3 Rxc3+ 23. Kxc3 Be5+ 24. Kd2 Bxa1 25. Ba3 Bf6 26. Rc1 Rd7
27. Rc6 Bb5 28. Rc8+ Rd8 29. Rxd8+ Bxd8 30. Nb7 Be7 31. Nc5 g6 32. Bb2 a5 33.
a3 axb4 34. axb4 Bxc5 35. bxc5 Bc6 36. g4 Be4 37. g5 Kf8 38. c6 Bxc6 39. Kxd3
Kg8 1/2-1/2

[Event "TG Biberach 1 - SK Bebenhausen 1"]
[Site "?"]
[Date "2021.10.31"]
[Round "2.7"]
[White "Wendler, Werner"]
[Black "Namyslo, Holger"]
[Result "0-1"]
[WhiteElo "1919"]
[BlackElo "2203"]
[PlyCount "124"]
[EventDate "2021.??.??"]

1. d4 d5 2. c4 e6 3. Nc3 c6 4. cxd5 exd5 5. Bf4 Nf6 6. Qc2 Be7 7. e3 O-O 8. Bd3
Nbd7 9. Nge2 Re8 10. O-O Nf8 11. h3 Ng6 12. Be5 Bf8 13. Bh2 Bd6 14. Bxd6 Qxd6
15. Rab1 Nh4 16. Ng3 Bd7 17. Nf5 Nxf5 18. Bxf5 g6 19. Bxd7 Nxd7 20. Rfc1 Rac8
21. Ne2 Nb6 22. b3 Re7 23. Nf4 Rec7 24. Nd3 Nd7 25. Qb2 b6 26. Qd2 Nf6 27. Rc2
Ne4 28. Qd1 c5 29. dxc5 bxc5 30. Nf4 d4 31. Qd3 Qe5 32. Ne2 Qf5 33. f3 Ng3 34.
Qxf5 Nxf5 35. e4 Nd6 36. Rd2 a5 37. Nf4 a4 38. Rc1 axb3 39. axb3 Rb7 40. Nd5
Kg7 41. b4 cxb4 42. Rxc8 Nxc8 43. Rxd4 b3 44. Rd1 b2 45. Rb1 Nd6 46. Ne3 Rb3
47. Kf2 f5 48. exf5 gxf5 49. g3 Kf6 50. Ke2 Nb5 51. Nd1 Nd4+ 52. Kd2 Nxf3+ 53.
Kc2 Nd4+ 54. Kd2 Rxg3 55. Rxb2 Rxh3 56. Rb8 Ke5 57. Rd8 Nf3+ 58. Ke3 Ng5+ 59.
Ke2 Rh2+ 60. Kf1 Kf4 61. Nf2 Ne4 62. Rd4 Rxf2+ 0-1

[Event "Stuttgarter SF 2 - SC Weiße Dame Ulm 1"]
[Site "?"]
[Date "2021.10.31"]
[Round "2.1"]
[White "Fleischer, Frank"]
[Black "Beyer, Christian"]
[Result "1-0"]
[WhiteElo "2188"]
[BlackElo "2308"]
[PlyCount "69"]
[EventDate "2021.??.??"]

1. e4 c5 2. c3 b6 3. d4 Bb7 4. Bd3 Nf6 5. Nd2 cxd4 6. cxd4 Nc6 7. Ne2 g6 8. O-O
Bg7 9. a3 O-O 10. b4 e6 11. Bb2 Ne7 12. Re1 d5 13. e5 Ne4 14. Ng3 Nxg3 15. hxg3
Qd7 16. Nf3 Rfc8 17. g4 Rc4 18. Bxc4 dxc4 19. Nd2 Rd8 20. Nxc4 Qc6 21. Qf3 Qxf3
22. gxf3 Bxf3 23. Ne3 Nc6 24. Nc2 Bxg4 25. Re3 Ne7 26. Rb3 h5 27. b5 Bh6 28.
Nb4 Rd7 29. Nc6 Nd5 30. a4 Be2 31. Bc1 Bc4 32. Rb2 g5 33. Bd2 Nf4 34. Bxf4 gxf4
35. f3 1-0

[Event "Stuttgarter SF 2 - SC Weiße Dame Ulm 1"]
[Site "?"]
[Date "2021.10.31"]
[Round "2.3"]
[White "Weber, Franz-Josef"]
[Black "Schwarzburger, Lothar"]
[Result "1/2-1/2"]
[WhiteElo "2071"]
[BlackElo "2187"]
[PlyCount "52"]
[EventDate "2021.??.??"]

1. e4 c5 2. Nf3 d6 3. c3 Nf6 4. d3 e6 5. Be2 Be7 6. O-O O-O 7. b4 b6 8. Nbd2
Bb7 9. bxc5 bxc5 10. Rb1 Qc7 11. Qb3 Bc6 12. Nc4 Nbd7 13. Bg5 d5 14. exd5 Bxd5
15. Qb5 Rfb8 16. Qa6 Rxb1 17. Rxb1 Rb8 18. Rb3 Nb6 19. Qa5 h6 20. Bh4 Nh5 21.
Bg3 Nxg3 22. hxg3 Bf6 23. Rb5 Be7 24. Ne3 Bc6 25. Rb3 Rd8 26. Nc4 Rb8 1/2-1/2

[Event "Stuttgarter SF 2 - SC Weiße Dame Ulm 1"]
[Site "?"]
[Date "2021.10.31"]
[Round "2.4"]
[White "Gabriel, Robert"]
[Black "Kill, Matthias"]
[Result "1/2-1/2"]
[WhiteElo "2218"]
[BlackElo "2044"]
[PlyCount "53"]

1. Nf3 g6 2. e4 Bg7 3. d4 d6 4. Nc3 Nf6 5. h3 c6 6. a4 b6 7. Bd3 O-O 8. O-O Qc7
9. Bf4 Nh5 10. Bh2 e5 11. dxe5 dxe5 12. Bc4 Na6 13. Qe2 Nc5 14. Rad1 Nf4 15.
Bxf4 exf4 16. e5 a5 17. Rfe1 h6 18. Rd6 Kh8 19. Ne4 Nxa4 20. b3 Nb2 21. Nf6 b5
22. Bd3 Nxd3 23. Qxd3 Bf5 24. Qc3 c5 25. Nd4 b4 26. Qc4 Qc8 27. Rc6 1/2-1/2

[Event "Stuttgarter SF 2 - SC Weiße Dame Ulm 1"]
[Site "?"]
[Date "2021.10.31"]
[Round "2.5"]
[White "Wolf, Rainer"]
[Black "Migl, Dieter"]
[Result "0-1"]
[WhiteElo "2023"]
[BlackElo "2122"]
[PlyCount "68"]
[EventDate "2021.??.??"]

1. Nf3 e6 2. e3 Nf6 3. Be2 Be7 4. O-O O-O 5. Nc3 d5 6. d4 b6 7. Ne5 Bb7 8. a4
a6 9. Bd3 c5 10. g4 Nc6 11. f4 Nxe5 12. dxe5 Ne4 13. Qf3 c4 14. Bxe4 dxe4 15.
Qe2 Qc7 16. Rd1 Rad8 17. Bd2 g5 18. h3 f6 19. exf6 Rxf6 20. Rf1 gxf4 21. exf4
Rxd2 22. Qxd2 Bc5+ 23. Kh2 e3 24. Qe1 Rxf4 25. Rxf4 Qxf4+ 26. Qg3 e5 27. Rd1
Qf2+ 28. Qxf2 exf2 29. Kg3 e4 30. Kg2 e3+ 31. Kf1 Bf3 32. Rd7 a5 33. g5 Bh5 34.
Nd1 e2+ 0-1

[Event "Stuttgarter SF 2 - SC Weiße Dame Ulm 1"]
[Site "?"]
[Date "2021.10.31"]
[Round "2.6"]
[White "Gabriel, Josef"]
[Black "Froehlich, Franziska"]
[Result "1-0"]
[WhiteElo "2062"]
[BlackElo "1902"]
[PlyCount "107"]
[EventDate "2021.??.??"]

1. Nf3 c5 2. g3 Nf6 3. Bg2 d5 4. d3 e6 5. Nbd2 Be7 6. O-O O-O 7. e4 Nc6 8. Re1
Qc7 9. h4 b5 10. e5 Nd7 11. Qe2 f6 12. exf6 Nxf6 13. c3 Bd7 14. Nf1 Bd6 15. d4
b4 16. Be3 bxc3 17. bxc3 cxd4 18. Nxd4 Ne5 19. Bf4 Nfg4 20. Rac1 Qc4 21. f3
Qxe2 22. Rxe2 Nd3 23. Bxd6 Nxc1 24. Rc2 Ba4 25. Rxc1 Rfd8 26. fxg4 Rxd6 27.
Nxe6 Re8 28. Nc7 Re2 29. Bxd5+ Kf8 30. Ne6+ Rdxe6 31. Bxe6 Bc6 32. Ne3 Rxe3 33.
Bf5 g6 34. Bc8 Rxg3+ 35. Kf2 Rg2+ 36. Ke3 Rxa2 37. g5 Ke7 38. Kd4 Kd6 39. Rf1
Rd2+ 40. Ke3 Rh2 41. Rf4 a5 42. Kd4 a4 43. Rf6+ Kc7 44. Kc5 Be8 45. Be6 Rxh4
46. Rf8 Kd8 47. Kd6 Rh2 48. c4 Rd2+ 49. Bd5 a3 50. Rf3 a2 51. Ra3 Bd7 52. Ra8+
Bc8 53. c5 Rd1 54. c6 1-0